[Event "ISR-chT"]
[Site "Israel"]
[Date "1998.03.19"]
[Round "7"]
[White "Maryasin, Boris Feliksovich"]
[Black "Tyomkin, Dimitri"]
[Result "0-1"]
[WhiteElo "2350"]
[BlackElo "2440"]
[PlyCount "68"]
[GameId "1165542762680320"]
[EventDate "1998.01.15"]
[EventType "team-tourn"]
[EventRounds "10"]
[EventCountry "ISR"]
[SourceTitle "CBM 064"]
[Source "ChessBase"]
[SourceDate "1998.06.15"]
[SourceVersion "1"]
[SourceVersionDate "1998.06.02"]
[SourceQuality "1"]

1. e4 c5 2. Nf3 d6 3. d4 cxd4 4. Nxd4 Nf6 5. Nc3 Nc6 6. f4 e5 7. Nf3 Be7 8. Bd3 Qb6 9. f5 h6 10. Qe2 Bd7 11. Bd2 Nb4 12. Be3 Nxc2+ 13. Bxc2 Qxb2 14. Nd1 Qxa1 15. Qc4 Rc8 16. Qb3 a5 17. Bb1 a4 18. Qb6 Bc6 19. O-O Nd7 20. Qb4 d5 21. Qd2 Qxb1 22. Nc3 Qb4 23. Rb1 Qa5 24. exd5 Bb4 25. Rc1 Bb5 26. Ne4 Rxc1+ 27. Qxc1 Bd3 28. Qc8+ Qd8 29. Qxb7 Qb8 30. Qc6 Bxe4 31. Nxe5 Qxe5 32. Qc8+ Ke7 33. Qxh8 Qa1+ 34. Kf2 Qe1# 0-1

[Event "Ramat Hanegev op"]
[Site "Ramat Hanegev"]
[Date "1998.03.27"]
[Round "3"]
[White "Tyomkin, Dimitri"]
[Black "Gershkowich, David"]
[Result "1-0"]
[WhiteElo "2440"]
[BlackElo "2235"]
[PlyCount "81"]
[GameId "1165542769184768"]
[EventDate "1998.03.??"]
[EventType "swiss"]
[EventRounds "5"]
[EventCountry "ISR"]
[SourceTitle "CBM 064"]
[Source "ChessBase"]
[SourceDate "1998.06.15"]
[SourceVersion "1"]
[SourceVersionDate "1998.06.02"]
[SourceQuality "1"]

1. d4 e6 2. Nf3 d5 3. c4 Nf6 4. Nc3 c5 5. cxd5 exd5 6. g3 Nc6 7. Bg2 Be7 8. O-O O-O 9. b3 Bg4 10. dxc5 Bxc5 11. Bb2 Re8 12. Rc1 Bf8 13. h3 Bh5 14. e3 Bg6 15. Nh4 Be4 16. Nxe4 dxe4 17. Qxd8 Raxd8 18. Bxf6 gxf6 19. Rfd1 Ba3 20. Rb1 Nb4 21. Rxd8 Rxd8 22. Bxe4 b6 23. Nf3 a5 24. Bf5 Kg7 25. Nd4 Rd5 26. Be4 Re5 27. Bb7 Rc5 28. Kg2 Nd3 29. Rd1 Nc1 30. Be4 Rc8 31. Bb1 Bf8 32. Kf3 Kg8 33. g4 Rc5 34. Nf5 Rc8 35. Rd7 Rc3 36. Rd8 b5 37. h4 a4 38. bxa4 bxa4 39. h5 Rc7 40. h6 a3 41. Rb8 1-0

[Event "Rishon Le Ziyyon"]
[Site "Rishon Le Ziyyon"]
[Date "1998.03.16"]
[Round "7"]
[White "Tyomkin, Dimitri"]
[Black "Zalkind, Konstantin"]
[Result "1-0"]
[WhiteElo "2440"]
[BlackElo "2275"]
[PlyCount "79"]
[GameId "1165542769188864"]
[EventDate "1998.03.??"]
[EventType "swiss"]
[EventRounds "9"]
[EventCountry "ISR"]
[SourceTitle "CBM 063"]
[Source "ChessBase"]
[SourceDate "1998.04.09"]
[SourceVersion "1"]
[SourceVersionDate "1998.03.26"]
[SourceQuality "1"]

1. d4 Nf6 2. Nf3 g6 3. Bg5 Bg7 4. Nbd2 c5 5. e3 O-O 6. c3 cxd4 7. exd4 Nc6 8. Be2 d5 9. O-O Bf5 10. Re1 Qc7 11. Bh4 Rac8 12. Bg3 Qb6 13. Qb3 Qxb3 14. axb3 a6 15. h3 Ne4 16. Nxe4 Bxe4 17. b4 f6 18. Nd2 Bf5 19. Bf3 Rfd8 20. Nb3 e5 21. Nc5 b6 22. Nxa6 exd4 23. Nc7 dxc3 24. bxc3 Be4 25. Bxe4 dxe4 26. Ne6 Rd3 27. Nxg7 Kxg7 28. Rxe4 Rxc3 29. b5 Na5 30. Re7+ Kg8 31. Re6 Nb3 32. Ra7 Rc1+ 33. Kh2 Nd2 34. h4 g5 35. hxg5 Nf1+ 36. Kh3 Nxg3 37. Kxg3 fxg5 38. Rxb6 R8c7 39. Rxc7 Rxc7 40. Rc6 1-0

[Event "Gonfreville"]
[Site "Le Havre"]
[Date "1998.04.13"]
[Round "6"]
[White "Tyomkin, Dimitri"]
[Black "Pecot, Laurent"]
[Result "1-0"]
[WhiteElo "2440"]
[BlackElo "2210"]
[PlyCount "65"]
[GameId "1165542771027968"]
[EventDate "1998.04.??"]
[EventType "swiss"]
[EventRounds "6"]
[EventCountry "FRA"]
[SourceTitle "CBM 064"]
[Source "ChessBase"]
[SourceDate "1998.06.15"]
[SourceVersion "1"]
[SourceVersionDate "1998.06.02"]
[SourceQuality "1"]

1. d4 d5 2. c4 e6 3. Nc3 c5 4. cxd5 exd5 5. Nf3 Nf6 6. g3 Nc6 7. Bg2 Be7 8. O-O O-O 9. b3 Ne4 10. Bb2 Bf6 11. Na4 Re8 12. Rc1 b6 13. Re1 Ba6 14. dxc5 Bxb2 15. Nxb2 bxc5 16. Na4 c4 17. Nd2 Qf6 18. Nxe4 dxe4 19. bxc4 Rad8 20. Qb3 Qe5 21. Nc3 f5 22. Qa4 Bb7 23. c5 Ba8 24. Nb5 Re7 25. Qc4+ Kh8 26. Red1 Rf8 27. Nd6 h5 28. Rd5 Qe6 29. Rxf5 Rxf5 30. Qxe6 Rxe6 31. Nxf5 Ne5 32. Nd6 Ng4 33. c6 1-0

[Event "Corsica op"]
[Site "Bastia"]
[Date "1998.11.04"]
[Round "9"]
[White "Tyomkin, Dimitri"]
[Black "Hauchard, Arnaud"]
[Result "1-0"]
[WhiteElo "2465"]
[BlackElo "2500"]
[PlyCount "75"]
[GameId "1166641392553984"]
[EventDate "1998.11.01"]
[EventType "swiss"]
[EventRounds "9"]
[EventCountry "FRA"]
[SourceTitle "CBM 067 Extra"]
[Source "ChessBase"]
[SourceDate "1999.01.01"]
[SourceVersion "1"]
[SourceVersionDate "1999.01.01"]
[SourceQuality "1"]

1. d4 Nf6 2. Nf3 e6 3. Bg5 h6 4. Bh4 c5 5. e3 Nc6 6. c3 d5 7. Nbd2 Be7 8. Bd3 Nd7 9. Bg3 O-O 10. O-O Re8 11. a3 a5 12. e4 cxd4 13. cxd4 dxe4 14. Nxe4 Nf6 15. Nc3 Nh5 16. Be5 Nxe5 17. Nxe5 Nf6 18. Bb5 Rf8 19. Re1 Nd5 20. Bd3 Nf6 21. Rc1 Bd7 22. Ne4 Rc8 23. Qf3 Bc6 24. Nxc6 Rxc6 25. Rcd1 Qxd4 26. Bb5 Qxb2 27. Bxc6 bxc6 28. Rb1 Qa2 29. Nxf6+ Bxf6 30. Qb3 Qxb3 31. Rxb3 Rd8 32. Rbe3 c5 33. Kf1 Rb8 34. g3 Bd4 35. Rd3 a4 36. Red1 e5 37. R3d2 Rb3 38. Ra2 1-0

[Event "ISR-chT"]
[Site "Israel"]
[Date "1999.03.05"]
[Round "6.5"]
[White "Tyomkin, Dimitri"]
[Black "Shevelev, Arkady"]
[Result "1/2-1/2"]
[WhiteElo "2504"]
[BlackElo "2378"]
[PlyCount "65"]
[GameId "1165542797504512"]
[EventDate "1999.01.??"]
[EventType "team"]
[EventRounds "11"]
[EventCountry "ISR"]
[SourceTitle "CBM 071"]
[Source "ChessBase"]
[SourceDate "1999.08.01"]
[SourceVersion "1"]
[SourceVersionDate "1999.08.01"]
[SourceQuality "1"]

1. Nf3 Nf6 2. d4 d5 3. Bg5 Ne4 4. Bf4 c6 5. e3 Qb6 6. Qc1 Bf5 7. c3 e6 8. Nbd2 Nd7 9. Be2 Be7 10. Nxe4 Bxe4 11. O-O Bxf3 12. Bxf3 g5 13. Bg3 h5 14. h3 f5 15. Be2 Kf7 16. c4 Rac8 17. Qc2 h4 18. Bh2 Nf6 19. Rac1 Qd8 20. Be5 Rg8 21. cxd5 cxd5 22. Qa4 a6 23. Qb3 Qd7 24. Qb6 g4 25. Bxf6 Kxf6 26. hxg4 fxg4 27. f4 gxf3 28. Rxc8 Rxc8 29. Bxf3 Kg7 30. Bg4 Rc6 31. Qb3 Qc7 32. Qd1 Bg5 33. Qf3 1/2-1/2

[Event "ISR-chT"]
[Site "Israel"]
[Date "1999.03.19"]
[Round "8.3"]
[White "Tyomkin, Dimitri"]
[Black "Shmuter, Leonid"]
[Result "1-0"]
[WhiteElo "2504"]
[BlackElo "2505"]
[PlyCount "51"]
[GameId "1165542797553664"]
[EventDate "1999.01.??"]
[EventType "team"]
[EventRounds "11"]
[EventCountry "ISR"]
[SourceTitle "CBM 071"]
[Source "ChessBase"]
[SourceDate "1999.08.01"]
[SourceVersion "1"]
[SourceVersionDate "1999.08.01"]
[SourceQuality "1"]

1. d4 d5 2. c4 e6 3. Nf3 c5 4. cxd5 exd5 5. g3 Nf6 6. Bg2 Be7 7. O-O O-O 8. Nc3 Nc6 9. b3 Bg4 10. dxc5 Bxc5 11. Bb2 Re8 12. Rc1 Rc8 13. h3 Bf5 14. Nxd5 Bxf2+ 15. Rxf2 Nxd5 16. Ne5 Ne3 17. Qxd8 Nxd8 18. Nc4 Nxc4 19. Rxf5 Rxe2 20. Bd4 Nd6 21. Rxc8 Nxc8 22. Rc5 Ne7 23. Rc7 a5 24. Bc5 Kf8 25. Bxb7 Nxb7 26. Rc8+ 1-0

[Event "ISR-chT"]
[Site "Israel"]
[Date "1999.05.07"]
[Round "10"]
[White "Tyomkin, Dimitri"]
[Black "Boim, Inon"]
[Result "1/2-1/2"]
[WhiteElo "2504"]
[BlackElo "2419"]
[PlyCount "136"]
[GameId "1165542797586432"]
[EventDate "1999.01.??"]
[EventType "team"]
[EventRounds "11"]
[EventCountry "ISR"]
[SourceTitle "CBM 072"]
[Source "ChessBase"]
[SourceDate "1999.10.01"]
[SourceVersion "1"]
[SourceVersionDate "1999.10.01"]
[SourceQuality "1"]

1. d4 d5 2. c4 e6 3. Nf3 Nf6 4. Nc3 Be7 5. cxd5 exd5 6. Bg5 c6 7. Qc2 O-O 8. e3 Nbd7 9. Bd3 Re8 10. O-O Nf8 11. Rab1 Ne4 12. Bxe7 Qxe7 13. Bxe4 dxe4 14. Nd2 Bf5 15. b4 Rac8 16. Ne2 Nd7 17. Ng3 Bg6 18. Rfc1 Nb6 19. Qc5 Rcd8 20. Qxe7 Rxe7 21. b5 cxb5 22. Rxb5 f6 23. Rbc5 Bf7 24. Ra5 a6 25. Ngxe4 Rd5 26. Rxd5 Bxd5 27. Nc3 Rc7 28. Nb3 Bf7 29. Ne4 Rd7 30. Nec5 Rc7 31. e4 Nc4 32. d5 Nd6 33. f3 Re7 34. Nd3 g5 35. Nd4 h5 36. Kf2 h4 37. Rb1 Nxe4+ 38. fxe4 Rxe4 39. Nf5 Bg6 40. Rxb7 Bxf5 41. Rb4 Kf7 42. Rxe4 Bxe4 43. Nc5 Bxd5 44. Nxa6 Bxa2 45. g3 Bc4 46. Nb4 h3 47. Nc2 f5 48. Ne3 Be6 49. Nc2 Kf6 50. Ne3 Ke5 51. Nc2 Ke4 52. Ne3 Bb3 53. Ke2 f4 54. gxf4 gxf4 55. Ng4 Bc4+ 56. Ke1 Be6 57. Nf2+ Ke3 58. Kf1 Kf3 59. Kg1 Ke2 60. Nh1 Bd5 61. Nf2 Bg2 62. Ne4 Ke3 63. Nf2 Kd2 64. Ng4 Ke1 65. Nf2 Bf1 66. Ng4 Bd3 67. Nf2 Bf5 68. Nh1 f3 1/2-1/2

[Event "EU-Cup 14th final"]
[Site "Belgrade"]
[Date "1999.01.13"]
[Round "3"]
[White "Tyomkin, Dimitri"]
[Black "Ilincic, Zlatko"]
[Result "1/2-1/2"]
[WhiteElo "2465"]
[BlackElo "2570"]
[PlyCount "165"]
[GameId "1195622584352768"]
[EventDate "1999.01.11"]
[EventType "team-k.o."]
[EventRounds "3"]
[EventCountry "YUG"]
[SourceTitle "EXT 2020"]
[Source "ChessBase"]
[SourceDate "2019.10.17"]
[SourceVersion "1"]
[SourceVersionDate "2019.10.17"]
[SourceQuality "1"]
[WhiteTeam "Petah Tikva Elitzur"]
[BlackTeam "Zemun Agrouniverzal"]
[WhiteTeamCountry "ISR"]
[BlackTeamCountry "SRB"]

1. d4 Nf6 2. Nf3 g6 3. Bg5 Bg7 4. Nbd2 O-O 5. c3 d6 6. e4 h6 7. Bh4 Qe8 8. Be2 Nh5 9. O-O e5 10. dxe5 dxe5 11. Re1 Be6 12. Nc4 Nd7 13. Nfd2 Nf4 14. Bf1 Nc5 15. Qc2 a5 16. Ne3 b5 17. b4 Na4 18. Nb3 axb4 19. cxb4 c6 20. Rec1 Ra6 21. f3 Qb8 22. Bf2 Qd6 23. Nd1 Rd8 24. Nc5 Nxc5 25. Bxc5 Qd2 26. g3 Qxc2 27. Rxc2 Bb3 28. Rcc1 Bxd1 29. Rxd1 Rxd1 30. Rxd1 Ne6 31. Rd6 Nxc5 32. bxc5 Bf8 33. Rd2 Bxc5+ 34. Kg2 Kf8 35. Rc2 Ba3 36. f4 Ke7 37. Kf3 f6 38. h4 Kd6 39. f5 gxf5 40. exf5 Bc5 41. Kg4 Ra3 42. Bg2 Re3 43. Bh1 b4 44. Bg2 Rc3 45. Rxc3 bxc3 46. Be4 Bf2 47. Kf3 Be1 48. h5 Kc5 49. g4 Kd4 50. a4 Bd2 51. Bc2 Bc1 52. Be4 Ba3 53. a5 Kc5 54. Ke2 Kb5 55. Kd3 Bb4 56. a6 Kxa6 57. Bxc6 Kb6 58. Be4 Kc5 59. Ke3 Ba5 60. Bc2 Kb4 61. Kf3 Ka3 62. Ke2 Kb2 63. Kd1 Bb6 64. Be4 Kb3 65. Bc2+ Kc4 66. Ke2 Bc5 67. Be4 Kb3 68. Kd1 Be3 69. Bc2+ Kb2 70. Be4 Bf4 71. Bc2 Bg5 72. Be4 Kb3 73. Bc2+ Kc4 74. Ke2 Kd4 75. Kf3 Kc4 76. Ke2 Kb4 77. Be4 Kb3 78. Kd1 c2+ 79. Bxc2+ Kc3 80. Ba4 Kd3 81. Ke1 Ke3 82. Bd1 e4 83. Kf1 1/2-1/2

[Event "Wichern op 5th"]
[Site "Hamburg"]
[Date "1999.10.17"]
[Round "3.27"]
[White "Trisic, Aleksandar"]
[Black "Tyomkin, Dimitri"]
[Result "1/2-1/2"]
[WhiteElo "2310"]
[BlackElo "2495"]
[PlyCount "119"]
[GameId "1166642165841920"]
[EventDate "1999.10.15"]
[EventType "swiss"]
[EventRounds "9"]
[EventCountry "GER"]
[SourceTitle "EXT 2001"]
[Source "ChessBase"]
[SourceDate "2000.11.22"]
[SourceVersion "1"]
[SourceVersionDate "2000.11.22"]
[SourceQuality "1"]

1. e4 c5 2. Nc3 d6 3. g3 Nc6 4. Bg2 g6 5. d3 Bg7 6. f4 Rb8 7. Be3 b5 8. Qd2 b4 9. Nd1 e5 10. Nf3 exf4 11. Bxf4 Nge7 12. Bh6 O-O 13. Bxg7 Kxg7 14. Ne3 f6 15. O-O Nd4 16. Nxd4 cxd4 17. Nd5 Nc6 18. Rf4 g5 19. Rf2 Be6 20. Raf1 Bxd5 21. exd5 Ne5 22. Bh3 h6 23. Qe2 Qa5 24. Qe4 Qxa2 25. Qxd4 b3 26. c4 Qa5 27. Qe4 Rbe8 28. Be6 Qb6 29. d4 Nxc4 30. Rxf6 Rxf6 31. Rxf6 Ne5 32. Rf2 Rf8 33. Rxf8 Kxf8 34. Kg2 Nf7 35. Qg6 Qc7 36. Bxf7 Qc2+ 37. Kh3 g4+ 38. Kxg4 Qe2+ 39. Kh3 Qf1+ 40. Kh4 Qxf7 41. Qxd6+ Kg8 42. Qb8+ Kg7 43. Qxb3 Qf6+ 44. Kh3 Qf1+ 45. Kg4 Qe2+ 46. Kf4 Qf2+ 47. Ke5 Qxh2 48. Qb7+ Kg6 49. Qa6+ Kh7 50. Qxa7+ Kg6 51. Qa6+ Kh5 52. Qd3 Qxg3+ 53. Ke4 Qg6+ 54. Ke3 Qg5+ 55. Kf2 Qh4+ 56. Kg2 Qg5+ 57. Kf2 Qh4+ 58. Ke3 Qg5+ 59. Ke2 Qg2+ 60. Ke3 1/2-1/2

[Event "Verona op 6th"]
[Site "Verona"]
[Date "2000.01.05"]
[Round "5"]
[White "Dervishi, Erald"]
[Black "Tyomkin, Dimitri"]
[Result "0-1"]
[WhiteElo "2478"]
[BlackElo "2516"]
[PlyCount "98"]
[GameId "1165542825340928"]
[EventDate "2000.01.??"]
[EventType "swiss"]
[EventRounds "7"]
[EventCountry "ITA"]
[EventCategory "7"]
[SourceTitle "CBM 075"]
[Source "ChessBase"]
[SourceDate "2000.04.05"]
[SourceVersion "1"]
[SourceVersionDate "2000.04.05"]
[SourceQuality "1"]

1. e4 c5 2. Nf3 d6 3. d4 cxd4 4. Nxd4 Nf6 5. Nc3 Nc6 6. Bc4 Qb6 7. Nxc6 bxc6 8. O-O g6 9. Qe2 Ng4 10. Bb3 Bg7 11. h3 Ne5 12. Be3 Qa6 13. f4 Qxe2 14. Nxe2 Nd7 15. c3 Ba6 16. Rf2 O-O 17. Rd1 Nb6 18. Nd4 Bb7 19. Nf3 c5 20. Nd2 a5 21. a3 Rab8 22. e5 a4 23. Ba2 Bd5 24. Bb1 Nc4 25. Nxc4 Bxc4 26. exd6 exd6 27. f5 Rfe8 28. Bf4 Be5 29. Bxe5 Rxe5 30. f6 d5 31. Kh2 Kf8 32. Bd3 Bb3 33. Rdd2 Rb6 34. g4 h6 35. h4 g5 36. hxg5 hxg5 37. Rde2 Rxe2 38. Bxe2 Bc2 39. Kg3 d4 40. Bc4 d3 41. Bd5 Rd6 42. c4 Bd1 43. Rd2 Be2 44. Kf2 Rxf6+ 45. Ke3 Rf4 46. b3 axb3 47. Rb2 Bd1 48. Kxd3 Bc2+ 49. Kc3 Rxg4 0-1

[Event "Verona op 6th"]
[Site "Verona"]
[Date "2000.01.05"]
[Round "6"]
[White "Tyomkin, Dimitri"]
[Black "Chatalbashev, Boris"]
[Result "0-1"]
[WhiteElo "2516"]
[BlackElo "2522"]
[PlyCount "102"]
[GameId "1165542825345024"]
[EventDate "2000.01.??"]
[EventType "swiss"]
[EventRounds "7"]
[EventCountry "ITA"]
[EventCategory "7"]
[SourceTitle "CBM 075"]
[Source "ChessBase"]
[SourceDate "2000.04.05"]
[SourceVersion "1"]
[SourceVersionDate "2000.04.05"]
[SourceQuality "1"]

1. d4 g6 2. c4 Bg7 3. Nf3 c5 4. d5 d6 5. e4 Nf6 6. Nc3 O-O 7. Bd3 e6 8. h3 Na6 9. O-O Nc7 10. a4 e5 11. Bg5 h6 12. Be3 Na6 13. Rc1 Nb4 14. Bb1 b6 15. Qd2 Kh7 16. Kh2 a6 17. Ng1 Nh5 18. g3 f5 19. exf5 Bxf5 20. Ne4 Nf6 21. f3 Nxe4 22. Bxe4 Qd7 23. b3 b5 24. axb5 axb5 25. Ra1 bxc4 26. bxc4 Ra4 27. Rfb1 Rfa8 28. Qd1 Bxe4 29. fxe4 Nc2 30. Rxa4 Qxa4 31. Bf2 Qxc4 32. Qe2 Qa2 33. Rb6 Nd4 34. Qxa2 Rxa2 35. Kg2 c4 36. Rxd6 c3 37. Rd7 Nb5 38. Rd8 Bf6 39. Rc8 Bg5 40. Kf3 c2 41. Ne2 Ra3+ 42. Kg2 Rc3 43. Rc6 c1=Q 44. Nxc1 Rxc6 45. dxc6 Bxc1 46. Kf3 Kg7 47. Ke2 Kf6 48. Kd3 Ke6 49. Kc4 Nd6+ 50. Kc5 Nxe4+ 51. Kb6 Nf6 0-1

[Event "ISR-chT"]
[Site "Ramat Aviv"]
[Date "2000.01.14"]
[Round "1.3"]
[White "Tyomkin, Dimitri"]
[Black "Lurie, Michael"]
[Result "1-0"]
[WhiteElo "2516"]
[BlackElo "2276"]
[PlyCount "113"]
[GameId "1166642547707904"]
[EventDate "2000.01.14"]
[EventType "team"]
[EventRounds "11"]
[EventCountry "ISR"]
[SourceTitle "CBM 074 Extra"]
[Source "ChessBase"]
[SourceDate "2000.03.10"]
[SourceVersion "2"]
[SourceVersionDate "2000.03.10"]
[SourceQuality "1"]
[WhiteTeam "Petah Tikva Elitzur"]
[BlackTeam "Netanya"]
[WhiteTeamCountry "ISR"]
[BlackTeamCountry "ISR"]

1. d4 Nf6 2. Nf3 g6 3. Bg5 d5 4. Nbd2 Bg7 5. e3 O-O 6. Be2 Nbd7 7. O-O c5 8. c3 b6 9. a4 Ne4 10. Bh4 Nd6 11. Bg3 Nf5 12. Bf4 Bb7 13. a5 c4 14. Qa4 Rc8 15. b3 Bc6 16. Qa2 b5 17. bxc4 bxc4 18. h3 Nd6 19. Bxd6 exd6 20. Ne1 f5 21. Nc2 Nf6 22. Nb4 Ba8 23. a6 Qe7 24. Rae1 Kh8 25. Qa5 Ne4 26. Nxe4 dxe4 27. f4 g5 28. Kh2 g4 29. g3 gxh3 30. Rh1 Qc7 31. Qxc7 Rxc7 32. Ra1 d5 33. Ra5 Rd8 34. Rb5 Bf8 35. Ra1 Rg7 36. Kxh3 Bxb4 37. Rxb4 Rdg8 38. g4 fxg4+ 39. Kg3 Rg6 40. Ra5 h5 41. Kh4 g3 42. Ra1 g2 43. Rg1 Rxa6 44. Rb2 Rag6 45. Bxh5 Rg3 46. f5 Bc6 47. Bg6 Rxe3 48. Rbxg2 Rf3 49. Rh2 Kg7 50. Kg5 Kf8 51. Rh7 Be8 52. Rb1 Rg3+ 53. Kf6 R8xg6+ 54. fxg6 Rxg6+ 55. Ke5 Kg8 56. Rbh1 Rg5+ 57. Kf6 1-0

[Event "Gonen Memorial"]
[Site "Beersheba"]
[Date "2000.02.25"]
[Round "3"]
[White "Mittelman, Gur"]
[Black "Tyomkin, Dimitri"]
[Result "1/2-1/2"]
[WhiteElo "2443"]
[BlackElo "2516"]
[PlyCount "101"]
[GameId "1165542827786240"]
[EventDate "2000.02.??"]
[EventType "swiss"]
[EventRounds "5"]
[EventCountry "ISR"]
[EventCategory "4"]
[SourceTitle "CBM 077"]
[Source "ChessBase"]
[SourceDate "2000.07.27"]
[SourceVersion "1"]
[SourceVersionDate "2000.07.27"]
[SourceQuality "1"]

1. d4 d5 2. c4 c6 3. cxd5 cxd5 4. Nf3 Nf6 5. Nc3 Nc6 6. Bf4 Ne4 7. e3 Nxc3 8. bxc3 g6 9. Ne5 Bg7 10. Bb5 Bxe5 11. Bxe5 O-O 12. Bg3 Na5 13. Bd3 b6 14. O-O Bb7 15. Qe2 Rc8 16. Rac1 Qd7 17. h4 h5 18. Bf4 Qe6 19. f3 Nc4 20. e4 b5 21. Rfe1 Rfe8 22. Qf2 a6 23. e5 Rc6 24. Bg5 Bc8 25. Kh2 Bd7 26. Rf1 Kg7 27. Rce1 Nb6 28. f4 Rxc3 29. f5 gxf5 30. Re3 Rxd3 31. Rxd3 Rh8 32. Rg3 Kf8 33. Qd2 Ke8 34. Qb4 Kd8 35. Rgf3 f6 36. exf6 exf6 37. Re1 Qc6 38. Qe7+ Kc8 39. Qg7 Qd6+ 40. Bf4 Qf8 41. Rg3 Qxg7 42. Rxg7 Nc4 43. Ree7 Rd8 44. Ref7 a5 45. Rxf6 b4 46. Bg5 Re8 47. Ra6 Kb7 48. Rh6 Kc8 49. Be7 Ne3 50. Rhh7 f4 51. Kg1 1/2-1/2

[Event "Gonen Memorial"]
[Site "Beersheba"]
[Date "2000.02.26"]
[Round "4"]
[White "Tyomkin, Dimitri"]
[Black "Yezersky, Vladimir"]
[Result "1-0"]
[WhiteElo "2516"]
[BlackElo "2265"]
[PlyCount "79"]
[GameId "1165542827790336"]
[EventDate "2000.02.??"]
[EventType "swiss"]
[EventRounds "5"]
[EventCountry "ISR"]
[EventCategory "4"]
[SourceTitle "CBM 077"]
[Source "ChessBase"]
[SourceDate "2000.07.27"]
[SourceVersion "1"]
[SourceVersionDate "2000.07.27"]
[SourceQuality "1"]

1. d4 Nf6 2. c4 g6 3. Nc3 Bg7 4. e4 d6 5. h3 O-O 6. Bg5 c6 7. Nf3 a6 8. Bd3 Nbd7 9. O-O e5 10. d5 h6 11. Be3 cxd5 12. cxd5 Ne8 13. Qd2 Kh7 14. g4 Nc5 15. Bc2 b5 16. b4 Na4 17. Nxa4 bxa4 18. Nh2 Bd7 19. f3 Nc7 20. Rac1 a3 21. Kg2 Nb5 22. Bb1 Rb8 23. f4 f6 24. f5 gxf5 25. gxf5 h5 26. Kh1 Rg8 27. Nf3 Rc8 28. Bd3 Qf8 29. Rxc8 Qxc8 30. Nh4 Qc3 31. Qe2 Be8 32. Ng6 Bxg6 33. fxg6+ Kxg6 34. Rg1+ Kf7 35. Qxh5+ Ke7 36. Qh7 Kf7 37. Bh6 Qxd3 38. Qf5 Qxe4+ 39. Qxe4 Bxh6 40. Qh7+ 1-0

[Event "Oz.com qual blitz"]
[Site "ICC INT"]
[Date "2000.03.05"]
[Round "1"]
[White "Skiadopoulos, Nikolaos"]
[Black "Tyomkin, Dimitri"]
[Result "0-1"]
[WhiteElo "2242"]
[BlackElo "2516"]
[PlyCount "80"]
[GameId "1166642608644096"]
[EventDate "2000.03.05"]
[EventType "swiss (blitz)"]
[EventRounds "9"]
[EventCountry "USA"]
[SourceTitle "EXT 2001"]
[Source "ChessBase"]
[SourceDate "2000.11.22"]
[SourceVersion "1"]
[SourceVersionDate "2000.11.22"]
[SourceQuality "1"]

1. e4 c5 2. c3 d5 3. exd5 Qxd5 4. d4 Nf6 5. Nf3 Bg4 6. Be2 cxd4 7. cxd4 e6 8. O-O Nc6 9. h3 Bh5 10. Be3 Be7 11. Nc3 Qd6 12. Qb3 O-O 13. Rfd1 Rfd8 14. a3 Nd5 15. Ne4 Qc7 16. Rac1 Rab8 17. Ng3 Bg6 18. Ne5 Nxe3 19. Qxe3 Qd6 20. Nxc6 bxc6 21. b4 Bf6 22. Ne4 Bxe4 23. Qxe4 Rb6 24. Rc4 g6 25. Bf3 Qd5 26. Qc2 Qd6 27. Bxc6 a6 28. d5 Kg7 29. Rc5 h5 30. Rc1 h4 31. Rb1 Qf4 32. Rc4 Qd6 33. dxe6 Qxe6 34. Be4 Rbd6 35. Rc7 Rd2 36. Qc4 Rd1+ 37. Rxd1 Rxd1+ 38. Kh2 Be5+ 39. g3 hxg3+ 40. fxg3 Bxc7 0-1

[Event "Oz.com qual blitz"]
[Site "ICC INT"]
[Date "2000.03.05"]
[Round "2"]
[White "Tyomkin, Dimitri"]
[Black "Koskinen, Henri"]
[Result "0-1"]
[WhiteElo "2516"]
[BlackElo "2298"]
[PlyCount "76"]
[GameId "1166642609233920"]
[EventDate "2000.03.05"]
[EventType "swiss (blitz)"]
[EventRounds "9"]
[EventCountry "USA"]
[SourceTitle "EXT 2001"]
[Source "ChessBase"]
[SourceDate "2000.11.22"]
[SourceVersion "1"]
[SourceVersionDate "2000.11.22"]
[SourceQuality "1"]

1. d4 d5 2. Nf3 Nf6 3. Bg5 e6 4. e3 Be7 5. Nbd2 O-O 6. Bd3 c5 7. c3 b6 8. Qe2 Bb7 9. Ne5 Nbd7 10. f4 Ne4 11. Bxe7 Qxe7 12. O-O Nxd2 13. Qxd2 Nf6 14. a4 a5 15. f5 Ne4 16. Bxe4 dxe4 17. dxc5 Rad8 18. Qf2 exf5 19. Qg3 f6 20. Nc4 Qxc5 21. b3 g6 22. Rfd1 Rd3 23. Rab1 Rfd8 24. Qe1 Ba6 25. Rxd3 exd3 26. Qd2 f4 27. Re1 Bxc4 28. bxc4 fxe3 29. Rxe3 Qxc4 30. h3 Qc5 31. Kh1 Qf5 32. Rf3 Qe5 33. Re3 Qd5 34. Re7 Rd7 35. Re3 Kf7 36. Rf3 Qe4 37. Re3 Qxe3 38. Qxe3 d2 0-1

[Event "Oz.com qual blitz"]
[Site "ICC INT"]
[Date "2000.03.05"]
[Round "3"]
[White "Smerdon, David"]
[Black "Tyomkin, Dimitri"]
[Result "0-1"]
[WhiteElo "2257"]
[BlackElo "2516"]
[PlyCount "122"]
[GameId "1166642609750016"]
[EventDate "2000.03.05"]
[EventType "swiss (blitz)"]
[EventRounds "9"]
[EventCountry "USA"]
[SourceTitle "EXT 2001"]
[Source "ChessBase"]
[SourceDate "2000.11.22"]
[SourceVersion "1"]
[SourceVersionDate "2000.11.22"]
[SourceQuality "1"]

1. e4 c5 2. c3 d5 3. exd5 Qxd5 4. d4 Nf6 5. Nf3 Bg4 6. Be2 e6 7. h3 Bh5 8. O-O Nc6 9. Be3 cxd4 10. cxd4 Be7 11. Nc3 Qd6 12. Qb3 O-O 13. Rfd1 Rfd8 14. a3 b6 15. Rac1 Na5 16. Qa2 Rac8 17. Ne5 Bxe2 18. Nxe2 Nd5 19. b4 Nc6 20. Nxc6 Rxc6 21. Rxc6 Qxc6 22. Rc1 Qa4 23. Nc3 Nxc3 24. Rxc3 Bxb4 25. Rc4 Qxa3 26. Qxa3 Bxa3 27. Ra4 Bd6 28. Rxa7 Kf8 29. Rb7 Rb8 30. Rd7 Be7 31. Bf4 Rd8 32. Rb7 Bd6 33. Be3 Rb8 34. Rd7 Bb4 35. Bf4 Ke8 36. Rxf7 Kxf7 37. Bxb8 Ke7 38. Kf1 Bd6 39. Bxd6+ Kxd6 40. Ke2 Kd5 41. Kd3 g5 42. Kc3 h5 43. Kd3 h4 44. Kc3 b5 45. Kb4 Kxd4 46. Kxb5 Kd3 47. g4 Ke4 48. Kc5 Kf3 49. Kd6 Kxf2 50. Kxe6 Kg3 51. Kf5 Kxh3 52. Kxg5 Kg3 53. Kf5 h3 54. g5 h2 55. g6 h1=Q 56. Kf6 Qd5 57. Kg7 Kg4 58. Kh6 Qg8 59. g7 Kf5 60. Kh5 Qxg7 61. Kh4 Qg2 0-1

[Event "Oz.com qual blitz"]
[Site "ICC INT"]
[Date "2000.03.05"]
[Round "4"]
[White "Tyomkin, Dimitri"]
[Black "Reis, Paulo F Jatoba"]
[Result "1-0"]
[WhiteElo "2516"]
[BlackElo "2280"]
[PlyCount "61"]
[GameId "1166642610290688"]
[EventDate "2000.03.05"]
[EventType "swiss (blitz)"]
[EventRounds "9"]
[EventCountry "USA"]
[SourceTitle "EXT 2001"]
[Source "ChessBase"]
[SourceDate "2000.11.22"]
[SourceVersion "1"]
[SourceVersionDate "2000.11.22"]
[SourceQuality "1"]

1. d4 e6 2. Nf3 Nf6 3. Bg5 h6 4. Bh4 d6 5. Nbd2 Nbd7 6. c3 g5 7. Bg3 Nh5 8. e4 Bg7 9. Be2 a6 10. O-O O-O 11. Qc2 f5 12. exf5 exf5 13. Ne1 Ndf6 14. f4 Qe8 15. Qd3 Nxg3 16. hxg3 Kh8 17. Nc2 Ne4 18. Nxe4 fxe4 19. Qe3 gxf4 20. gxf4 d5 21. Kf2 Qe7 22. g3 c6 23. Rh1 Kg8 24. Rh4 Bf5 25. Qd2 Rae8 26. Ne3 Bg6 27. Rah1 Kf7 28. Bh5 Bxh5 29. Rxh5 Rh8 30. Qe2 Qf6 31. Rf5 1-0